Science Quiz

Random Science Quiz

Parts of the Ear Quiz Stats

 Plays Quiz not verified by Sporcle

Support Sporcle.
Go Orange.
Score 0/17 Timer 10:00
0 Plays Today
% Correct
Ear Pinna
84.4%
Cochlea
80.2%
Vertical Canal
78.4%
Horizontal Canal
77.8%
Malleus
77.2%
Tympanic Membrane
73.7%
Semicircular Canals
72.5%
Vestibulocochlear Nerve
72.5%
Incus
71.9%
% Correct
Auditory Ossicles
70.7%
Eustachian Tube
68.9%
Stapes
67.7%
Round Window
62.9%
Oval Window
56.3%
Perilymph
55.1%
Utricle
52.7%
Saccule
39.5%

You're not logged in!

Compare scores with friends on all Sporcle quizzes.
OR
Log In
Forgot?

From the Vault

Star-less Flags

by GeoEarthling

We think flag trivia is pretty stellar.
Remove Ads.
Support Sporcle.
Get the best of Sporcle when you Go Orange. This ad-free experience offers more features, more stats, and more fun while also helping to support Sporcle. Thank you for becoming a member.

Show Comments

Extras

Created Apr 24, 2016ReportNominate
Tags:ear, Identify

Top Quizzes Today


Score Distribution

Your Account Isn't Verified!

In order to create a playlist on Sporcle, you need to verify the email address you used during registration. Go to your Sporcle Settings to finish the process.

Report this User

Report this user for behavior that violates our Community Guidelines.

Details: